La co-soignance (notice n° 1634625)
[ vue normale ]
| 000 -LEADER | |
|---|---|
| fixed length control field | 00926cam a2200157 4500500 |
| 005 - DATE AND TIME OF LATEST TRANSACTION | |
| control field | 20260111132233.0 |
| 041 ## - LANGUAGE CODE | |
| Language code of text/sound track or separate title | fre |
| 042 ## - AUTHENTICATION CODE | |
| Authentication code | dc |
| 100 10 - MAIN ENTRY--PERSONAL NAME | |
| Personal name | Queffelec, Anne |
| Relator term | author |
| 245 00 - TITLE STATEMENT | |
| Title | La co-soignance |
| 260 ## - PUBLICATION, DISTRIBUTION, ETC. | |
| Date of publication, distribution, etc. | 2025.<br/> |
| 500 ## - GENERAL NOTE | |
| General note | 33 |
| 520 ## - SUMMARY, ETC. | |
| Summary, etc. | Cet écrit est le compte-rendu d’une enquête de terrain menée par une pensionnaire et une monitrice. Il offre un éclairage sur le concept de co-soignance dans l’institution qu’est la clinique de La Chesnaie, où des questions ont été posées pendant quelques mois aux soignants et aux soignés : parfois en individuel, parfois à plusieurs autour d’un café, quelquefois également entre deux portes ou lors d’une balade en forêt. |
| 786 0# - DATA SOURCE ENTRY | |
| Note | VST - Vie sociale et traitements | 168 | 4 | 2025-12-05 | p. 44-44 | 0396-8669 |
| 856 41 - ELECTRONIC LOCATION AND ACCESS | |
| Uniform Resource Identifier | <a href="https://shs.cairn.info/revue-vst-vie-sociale-et-traitements-2025-4-page-44?lang=fr&redirect-ssocas=7080">https://shs.cairn.info/revue-vst-vie-sociale-et-traitements-2025-4-page-44?lang=fr&redirect-ssocas=7080</a> |
Pas d'exemplaire disponible.




Réseaux sociaux